000 01049cam a22003257a 4500
003 CHAP
005 20220329141436.0
008 971013s1982 r 00010 d
010 _a68175
011 _a69147
035 _a78622
040 _cCHAP
082 _a658.561
_bH8
100 0 0 _aHuerta Cruz, José Luis.
_956668
245 0 _aAnálisis comparativo de la productividad en las cooperativas del sector primario
260 _aMéxico :
_bInstituto Nacional de Estudios del Trabajo,
_c1982
300 _a95 p.
490 0 _aCuadernos INET
_v; 25
590 _aBATCH-UPD
_b10
_c20130110
_lUCH01
_h0534
590 _aBATCH-UPD
_b10
_c20130410
_lUCH01
_h0214
590 _aBATCH-UPD
_b10
_c20130914
_lUCH01
_h0833
590 _aCONVERSION
_b10
_c20130109
_lUCH01
_h1337
650 1 4 _aCooperativismo.
_927786
650 1 4 _aProductividad.
_991868
700 0 _aCano Flores, Antonio.
_918394
830 0 _aCuadernos INET
_v; 25
_929865
901 _aBK
942 _cLIBRO
949 _a658.561 H8
_bBC
_cLIBRO
_d33724000118865
_eLIBRO
_h73743
_i78622
_si
999 _c68175
_d68175